[Event "AUTO-ELITE-1897"]
[Site "http://www.queenalice.com/game.php?id=1502463"]
[Date "2017.11.7"]
[Round "1"]
[White "BEBADO"]
[Black "Newcobos"]
[Result "1-0"]
[WhiteElo "2391"]
[BlackElo "2286"]

1. e4 c5 2. Nf3 g6 3. d4 cxd4 4. Nxd4 Bg7 5. Nc3 Nc6 6. Be3 Nf6 7. f3 O-O 8. Bc4
Na5 9. Bb3 Nxb3 10. axb3 d6 11. g4 a6 12. Qd2 Bd7 13. h4 Rc8 14. h5 e5 15. Nf5
gxf5 16. gxf5 d5 17. h6 d4 18. Qg2 Ne8 19. hxg7 dxe3 20. gxf8=R+ Kxf8 21. Rxh7
Bc6 22. Rd1 Qa5 23. Rh8+ Ke7 24. Qg5+ Nf6 25. Rxc8 Bb5 26. Qxe3 Bc6 27. Qh6 Be8
28. Qd2 Qb6 29. Qg5 Bc6 30. Nd5+ 1-0

[Event "AUTO-ELITE-1897"]
[Site "http://www.queenalice.com/game.php?id=1502464"]
[Date "2017.11.7"]
[Round "1"]
[White "Newcobos"]
[Black "AyltonChessGM"]
[Result "1/2-1/2"]
[WhiteElo "2250"]
[BlackElo "2296"]

1. e4 e6 2. d4 d5 3. Nd2 dxe4 4. Nxe4 Nf6 5. Nxf6+ Qxf6 6. Nf3 h6 7. Bd3 c5 8.
O-O cxd4 9. Nxd4 Bd7 10. Nb5 Na6 11. Bd2 Qe5 12. a4 Be7 13. Bc3 Qg5 14. f4 Qd5
15. Qg4 Bf6 16. Bxf6 gxf6 17. Qg7 Ke7 18. Qg3 Rhg8 19. Qf3 Qxf3 20. Rxf3 Bc6 21.
Rf2 Nc5 22. Bf1 a6 23. Nd4 Bd7 24. b3 Ne4 25. Re2 Nc3 26. Ree1 Nd5 27. g3 Nxf4
28. Kh1 Nh5 29. Bg2 Rab8 30. Rad1 e5 31. Kg1 Ng7 32. Ne2 Rgc8 33. c4 b5 34. cxb5
axb5 35. a5 Bc6 36. Rc1 Bxg2 37. Kxg2 Rxc1 38. Rxc1 Ne6 39. b4 Kd6 40. Nc3 Nd4
41. Ne4+ Ke6 42. Nc5+ Kd6 43. Ne4+ Ke6 44. Nc5+ Kd6 45. Ne4+ 1/2-1/2

[Event "AUTO-ELITE-1897"]
[Site "http://www.queenalice.com/game.php?id=1502465"]
[Date "2017.11.7"]
[Round "1"]
[White "AyltonChessGM"]
[Black "Newcobos"]
[Result "1-0"]
[WhiteElo "2210"]
[BlackElo "2313"]

1. d4 Nf6 2. c4 g6 3. Nf3 Bg7 4. Nc3 O-O 5. e3 d6 6. Be2 Nc6 7. O-O e5 8. d5 Ne7
9. h3 Bd7 10. a3 Ne8 11. Qc2 f5 12. Rd1 Nf6 13. b4 a6 14. Bb2 h6 15. Rac1 1-0

[Event "AUTO-MASTER-2739"]
[Site "http://www.queenalice.com/game.php?id=1532835"]
[Date "2018.6.27"]
[Round "1"]
[White "Newcobos"]
[Black "ALDROB"]
[Result "1-0"]
[WhiteElo "2231"]
[BlackElo "1998"]

1. e4 c5 2. Nf3 d6 3. d4 cxd4 4. Nxd4 Nf6 5. Nc3 a6 6. Be2 e5 7. Nb3 Be7 8. Be3
O-O 9. Qd2 Nbd7 10. O-O-O Re8 11. g4 Nf8 12. f3 Bd7 13. g5 Nh5 14. Nd5 Ne6 15.
h4 Ng3 16. Rhg1 Nxe2+ 17. Qxe2 Nc5 18. Qd2 Rc8 19. Nxe7+ Rxe7 20. Qxd6 Nxb3+ 21.
axb3 Rc6 22. Qb4 Ree6 23. Rd5 Qc7 24. c4 b5 25. c5 Re8 26. Qd2 Be6 27. Rd3 Rc8
28. b4 Bc4 29. Rd7 Qb8 30. Rd1 g6 31. h5 Qa8 32. hxg6 fxg6 33. Qh2 Bf7 34. Rxf7
Kxf7 35. Qxh7+ Kf8 36. Rd7 1-0

[Event "AUTO-MASTER-2739"]
[Site "http://www.queenalice.com/game.php?id=1532836"]
[Date "2018.6.27"]
[Round "1"]
[White "ALDROB"]
[Black "Newcobos"]
[Result "1-0"]
[WhiteElo "1977"]
[BlackElo "2251"]

1. d4 Nf6 2. c4 g6 3. Nc3 Bg7 4. e4 d6 5. f3 O-O 6. Be3 Nbd7 7. Qd2 c5 8. d5 a6
9. a4 Ne8 10. Bd3 Ne5 11. Be2 f5 12. Bh6 Nf6 13. Nh3 fxe4 14. Nxe4 Nxe4 15. fxe4
Bxh3 16. gxh3 Bxh6 17. Qxh6 Qa5+ 18. Qd2 Qxd2+ 19. Kxd2 Rf2 20. b3 Raf8 21. Raf1
Rxf1 22. Rxf1 Rxf1 23. Bxf1 Nf3+ 24. Ke3 Nd4 25. h4 Nxb3 26. Bh3 Kg7 27. Bc8 Na5
28. Kd3 Kf6 29. h3 Ke5 30. h5 gxh5 31. Bf5 Kf4 32. Bd7 Nb3 33. Bc8 Nd4 34. Bxb7
a5 35. Bc8 Nf3 36. Bf5 1-0

[Event "AUTO-MASTER-2739"]
[Site "http://www.queenalice.com/game.php?id=1532837"]
[Date "2018.6.27"]
[Round "1"]
[White "Newcobos"]
[Black "yeye2"]
[Result "1-0"]
[WhiteElo "2247"]
[BlackElo "1945"]

1. e4 e5 2. Nf3 d6 3. d4 f6 4. Bc4 Bg4 5. dxe5 dxe5 6. Nbd2 Bxf3 7. Qxf3 Nc6 8.
Bb5 Ne7 9. Qb3 a6 10. Bxc6+ Nxc6 11. Qxb7 Nd4 12. O-O Nxc2 13. Qc6+ Kf7 14. Qxc2
Rc8 15. Nb3 Bd6 16. Qc4+ Ke7 17. Be3 Ra8 18. Rfd1 g6 19. Rac1 a5 20. Nc5 Qc8 21.
Nd3 f5 22. Bc5 fxe4 23. Bxd6+ cxd6 24. Qxe4 Qe6 25. Rc7+ Kf6 26. Qh4+ g5 27.
Qh6+ Kf5 28. g4+ 1-0

[Event "AUTO-MASTER-2739"]
[Site "http://www.queenalice.com/game.php?id=1532838"]
[Date "2018.6.27"]
[Round "1"]
[White "yeye2"]
[Black "Newcobos"]
[Result "0-1"]
[WhiteElo "1967"]
[BlackElo "2279"]

1. e4 c5 2. Bc4 Nc6 3. Nf3 Nf6 4. d3 d6 5. O-O Bg4 6. Bb5 e6 7. Bg5 Be7 8. h3
Bh5 9. c3 O-O 10. Bxc6 bxc6 11. Bxf6 Bxf6 12. Nbd2 Rb8 13. Rb1 Rb7 0-1

[Event "AUTO-MASTER-2739"]
[Site "http://www.queenalice.com/game.php?id=1532839"]
[Date "2018.6.27"]
[Round "1"]
[White "Newcobos"]
[Black "Pin"]
[Result "0-1"]
[WhiteElo "2264"]
[BlackElo "2105"]

1. e4 c5 2. Nf3 d6 3. d4 cxd4 4. Nxd4 Nf6 5. Nc3 a6 6. Be2 e5 7. Nb3 Be7 8. Be3
Be6 9. g4 h6 10. Qd2 Nbd7 11. O-O-O Rc8 12. f3 Nc5 13. Nxc5 dxc5 14. Qe1 Qc7 15.
h4 Nd7 16. Nd5 Qd8 17. Qf2 Bxd5 18. Rxd5 Qc7 19. Rdd1 b5 20. g5 hxg5 21. hxg5
Rxh1 22. Rxh1 Bf8 23. Bf1 c4 24. Bh3 Rd8 25. Rd1 b4 26. f4 Bd6 27. f5 b3 28. a3
bxc2 29. Qxc2 Rc8 30. Bd2 Nc5 0-1

[Event "AUTO-MASTER-2739"]
[Site "http://www.queenalice.com/game.php?id=1532840"]
[Date "2018.6.27"]
[Round "1"]
[White "Pin"]
[Black "Newcobos"]
[Result "1-0"]
[WhiteElo "2083"]
[BlackElo "2282"]

1. e4 c5 2. Nf3 g6 3. c3 Nc6 4. Bb5 Bg7 5. O-O Nf6 6. d3 O-O 7. Re1 d6 8. Bg5
Bd7 9. Nbd2 a6 10. Ba4 Rc8 11. Qe2 b5 12. Bc2 b4 13. e5 dxe5 14. Nc4 Bg4 15. h3
Bxf3 16. Qxf3 bxc3 17. bxc3 Nd5 18. Bd2 Nb6 19. Nxb6 Qxb6 20. Rab1 Qc7 21. Ba4
Rfd8 22. Rb3 c4 23. Rb2 Rxd3 24. Qe2 f5 25. Reb1 Rb8 26. Bxc6 Rxb2 27. Rxb2 Qxc6
28. Be1 e4 29. Kf1 1-0

[Event "AUTO-MASTER-2812"]
[Site "http://www.queenalice.com/game.php?id=1559454"]
[Date "2019.2.3"]
[Round "1"]
[White "betofortaleza"]
[Black "Newcobos"]
[Result "0-1"]
[WhiteElo "1852"]
[BlackElo "2229"]

1. e4 c5 2. Bc4 e6 3. Nf3 Nc6 4. d4 cxd4 5. Nxd4 Nf6 6. Bg5 Qa5+ 7. c3 Qxg5 8.
O-O Bc5 9. Nxc6 dxc6 10. Nd2 O-O 11. Nf3 Qh5 12. e5 Nd5 13. Be2 Nf4 14. Nd4
Nxe2+ 15. Qxe2 Qxe2 16. Nxe2 Rd8 17. b4 Bb6 18. a4 a5 19. b5 cxb5 20. axb5 Bc7
21. f4 b6 22. Nd4 Bb7 23. Ra4 Rd7 24. Nc6 Bxc6 25. bxc6 Rd5 26. f5 Rxe5 27. fxe6
Rxe6 28. Rc4 Rd8 29. Rcf4 Bxf4 0-1

[Event "AUTO-MASTER-2812"]
[Site "http://www.queenalice.com/game.php?id=1559455"]
[Date "2019.2.3"]
[Round "1"]
[White "Newcobos"]
[Black "betofortaleza"]
[Result "1-0"]
[WhiteElo "2226"]
[BlackElo "1928"]

1. e4 e5 2. Nf3 Nc6 3. Bb5 Qf6 4. Nc3 Nd4 5. Nxd4 exd4 6. Nd5 Qd6 7. d3 Qc5 8.
b4 Qd6 9. Bf4 Qg6 10. Nxc7+ Kd8 11. Nxa8 Qxg2 12. Rf1 Bxb4+ 13. Bd2 Bd6 14. Ba5+
b6 15. Nxb6 axb6 16. Bxb6+ Ke7 17. Bxd4 f6 18. Qh5 g6 19. Qd5 Nh6 20. O-O-O Qg5+
21. Qxg5 1-0

[Event "AUTO-MASTER-2812"]
[Site "http://www.queenalice.com/game.php?id=1559466"]
[Date "2019.2.3"]
[Round "1"]
[White "phystutordotcom"]
[Black "Newcobos"]
[Result "0-1"]
[WhiteElo "2061"]
[BlackElo "2244"]

1. Nf3 c5 2. e4 g6 3. c4 Bg7 4. d4 cxd4 5. Nxd4 Nc6 6. Be3 Nf6 7. Nc3 d6 8. Be2
Bd7 9. O-O O-O 10. Rc1 Rc8 11. f3 a6 12. Nxc6 Bxc6 0-1

[Event "AUTO-MASTER-2812"]
[Site "http://www.queenalice.com/game.php?id=1559467"]
[Date "2019.2.3"]
[Round "1"]
[White "Newcobos"]
[Black "phystutordotcom"]
[Result "1-0"]
[WhiteElo "2237"]
[BlackElo "2070"]

1. e4 d6 2. d4 Nf6 3. Nc3 e5 4. dxe5 dxe5 5. Qxd8+ Kxd8 6. a3 Be6 7. Bg5 Nd7 8.
Nf3 c6 9. O-O-O Kc7 10. h3 h6 11. Be3 Bc5 12. Bxc5 Nxc5 13. Bd3 Nfd7 14. Rhe1 b5
15. b4 1-0

[Event "AUTO-MASTER-2812"]
[Site "http://www.queenalice.com/game.php?id=1559472"]
[Date "2019.2.3"]
[Round "1"]
[White "Regina1962"]
[Black "Newcobos"]
[Result "0-1"]
[WhiteElo "2072"]
[BlackElo "2230"]

1. e4 c5 2. c3 d5 3. exd5 Qxd5 4. Nf3 Nc6 5. d4 cxd4 6. Nxd4 e5 7. Nf3 Qxd1+ 8.
Kxd1 Bg4 9. Be2 Bc5 10. Be3 O-O-O+ 11. Ke1 Bxe3 12. fxe3 Nf6 13. Nbd2 a6 14. h3
Bh5 15. Rd1 Rd7 16. Nc4 Rxd1+ 17. Kxd1 Rd8+ 18. Kc1 e4 0-1

[Event "AUTO-MASTER-2812"]
[Site "http://www.queenalice.com/game.php?id=1559473"]
[Date "2019.2.3"]
[Round "1"]
[White "Newcobos"]
[Black "Regina1962"]
[Result "1-0"]
[WhiteElo "2271"]
[BlackElo "1914"]

1. e4 c5 2. Nf3 e6 3. d4 cxd4 4. Nxd4 d5 5. Bb5+ Bd7 6. Bxd7+ Qxd7 7. exd5 exd5
8. O-O Nf6 9. Re1+ Be7 10. Qe2 Nc6 11. Nxc6 bxc6 12. Bg5 Kf8 13. Nd2 h6 14. Bh4
Re8 15. c3 g5 16. Bg3 Kg7 17. Qd3 Bd6 18. Bxd6 Qxd6 19. Nf3 c5 20. h3 Re6 21.
Rxe6 fxe6 22. Re1 Nd7 23. b3 Rf8 24. Qe3 Rf6 25. Nh2 e5 26. Qe2 e4 27. h4 Ne5
28. hxg5 hxg5 29. Ng4 Rf4 30. Nxe5 Qxe5 31. g3 Rf7 32. c4 Re7 33. cxd5 Qxd5 34.
Qe3 Kf6 35. Rc1 Rc7 36. Kg2 Kf5 37. g4+ 1-0

[Event "AUTO-MASTER-2606"]
[Site "http://www.queenalice.com/game.php?id=1562710"]
[Date "2019.3.1"]
[Round "2"]
[White "manasses"]
[Black "Newcobos"]
[Result "0-1"]
[WhiteElo "2177"]
[BlackElo "2252"]

1. d4 Nf6 2. c4 g6 3. Nc3 Bg7 4. e4 d6 5. f3 O-O 6. Be3 e5 7. d5 Ne8 8. Qd2 f5
9. Bh6 Qh4+ 10. Qf2 Qxf2+ 11. Kxf2 Bxh6 12. Bd3 fxe4 13. Bxe4 Nf6 14. g4 Nxe4+
15. Nxe4 Bxg4 16. h3 Bf5 17. Ke2 Bxe4 18. fxe4 Nd7 19. Nf3 Nc5 20. Rag1 Nxe4 21.
h4 Bf4 22. h5 g5 23. Rg2 Ng3+ 24. Rxg3 Bxg3 25. Nxg5 Rf2+ 26. Ke3 Rxb2 0-1

[Event "AUTO-MASTER-2606"]
[Site "http://www.queenalice.com/game.php?id=1562711"]
[Date "2019.3.1"]
[Round "2"]
[White "Newcobos"]
[Black "manasses"]
[Result "1-0"]
[WhiteElo "2262"]
[BlackElo "2167"]

1. e4 c5 2. Nf3 e6 3. d4 cxd4 4. Nxd4 a6 5. Be2 Nf6 6. Bf3 Be7 7. Be3 Qc7 8. O-O
O-O 9. h3 Nc6 10. a3 d6 11. Nc3 e5 12. Nde2 b5 13. Ng3 Rd8 14. Nh5 Be6 15. Nxf6+
Bxf6 16. Nd5 Bxd5 17. Qxd5 Nd4 18. Rac1 Nxf3+ 19. gxf3 Qd7 20. Kh2 Bh4 21. Rg1
Qe7 22. c4 1-0

[Event "AUTO-MASTER-2812"]
[Site "http://www.queenalice.com/game.php?id=1578121"]
[Date "2019.7.22"]
[Round "2"]
[White "speedmaxL"]
[Black "Newcobos"]
[Result "1-0"]
[WhiteElo "2487"]
[BlackElo "2253"]

1. Nf3 c5 2. c4 Nc6 3. d4 cxd4 4. Nxd4 Nf6 5. Nc3 d6 6. Bg5 e6 7. e3 Be7 8. Be2
Bd7 9. O-O O-O 10. Ndb5 Ne8 11. Bxe7 Qxe7 12. Ne4 a6 13. Nbxd6 Nxd6 14. Nxd6 Bc8
15. c5 Rd8 16. Qc2 Bd7 17. Nxb7 Rdb8 18. Nd6 Nb4 19. Qc3 Nd5 20. Qe5 1-0

[Event "AUTO-MASTER-2812"]
[Site "http://www.queenalice.com/game.php?id=1578123"]
[Date "2019.7.22"]
[Round "2"]
[White "CCapivara"]
[Black "Newcobos"]
[Result "1/2-1/2"]
[WhiteElo "2243"]
[BlackElo "2272"]

1. e4 c5 2. Nf3 g6 3. d4 cxd4 4. Nxd4 Bg7 5. Nc3 Nc6 6. Be3 Nf6 7. Be2 d5 8.
exd5 Nxd5 9. Nxd5 Qxd5 10. Bf3 Qa5+ 11. c3 Nxd4 12. Bxd4 O-O 13. Bxg7 Kxg7 14.
O-O Be6 1/2-1/2

[Event "AUTO-MASTER-2812"]
[Site "http://www.queenalice.com/game.php?id=1578124"]
[Date "2019.7.22"]
[Round "2"]
[White "Newcobos"]
[Black "CCapivara"]
[Result "0-1"]
[WhiteElo "2264"]
[BlackElo "2252"]

1. e4 d6 2. d4 Nf6 3. Nc3 c6 4. f4 Qa5 5. Bd3 e5 6. Nf3 Bg4 7. Be3 Nbd7 8. h3
Bxf3 9. Qxf3 Be7 10. O-O O-O 11. f5 Rad8 12. Kh2 Qb4 13. Ne2 exd4 14. Bxd4 Ne5
15. Bxe5 dxe5 16. a3 Qb6 17. g4 h6 18. h4 Nh7 19. Qg3 Rd7 20. b3 Rfd8 21. Ng1
Qd4 22. Nf3 Qc3 23. g5 hxg5 24. hxg5 Rxd3 25. cxd3 Rxd3 26. f6 Bf8 27. Rac1 Qxb3
0-1